| 000 | 01368nam a22003617a 4500 | ||
|---|---|---|---|
| 003 | CHAP | ||
| 005 | 20220329135344.0 | ||
| 008 | 971013s1994 r 00010 d | ||
| 010 | _a34940 | ||
| 011 | _a35912 | ||
| 035 | _a40029 | ||
| 040 | _cCHAP | ||
| 090 | _aFolleto 14447 | ||
| 100 | 0 | 0 |
_aAmilpa Orihuela, Germán. _95339 |
| 245 | _aGuía para cultivar arroz en Malinalco, Estado de México | ||
| 260 |
_aMetepec, Méx. : _bInstituto de Investigación y Capacitación Agropecuaria, Acuícola y Forestal del Estado de México. Centro de Investigacion y Capacitación Agrícola, _c1994 |
||
| 300 | _a10 p. | ||
| 490 |
_aICAMEX. Folleto de producción _v; 5 |
||
| 590 |
_aBATCH-UPD _b10 _c20130109 _lUCH01 _h2329 |
||
| 590 |
_aBATCH-UPD _b10 _c20130110 _lUCH01 _h0234 |
||
| 590 |
_aBATCH-UPD _b10 _c20130110 _lUCH01 _h2332 |
||
| 590 |
_aBATCH-UPD _b10 _c20130409 _lUCH01 _h1854 |
||
| 590 |
_aBATCH-UPD _b10 _c20130409 _lUCH01 _h2259 |
||
| 590 |
_aBATCH-UPD _b10 _c20130410 _lUCH01 _h1621 |
||
| 590 |
_aBATCH-UPD _b10 _c20130914 _lUCH01 _h0316 |
||
| 590 |
_aCONVERSION _b10 _c20130109 _lUCH01 _h1320 |
||
| 650 | 1 | 4 |
_aArroz _zMéxico (Edo.). _97676 |
| 830 | 0 |
_aICAMEX. Folleto de producción _v; 5 _957256 |
|
| 901 | _aBK | ||
| 942 | _cFOLL | ||
| 949 |
_aFolleto 14447 _bBC _cFOLL _d-91435 _eTS1 _i40029 _mD. _si |
||
| 949 |
_aFolleto 14447 _bBC _cFOLL _d-91436 _eTS2 _fc.2 _i40029 _mD. _si |
||
| 999 |
_c34940 _d34940 |
||